[Event "Madrid Chamartin op 8th"]
[Site "Madrid"]
[Date "2019.09.14"]
[Round "8"]
[White "Cabanas Bravo, Juan Andres"]
[Black "Fernandez Aransay, Fernando"]
[Result "1-0"]
[WhiteElo "2041"]
[BlackElo "1786"]
[PlyCount "105"]
[EventDate "2019.09.09"]
[EventType "swiss"]
[EventRounds "9"]
[EventCountry "ESP"]
[SourceTitle "CBM 192 Extra"]
[Source "Chessbase"]
[SourceDate "2019.11.06"]
[SourceVersion "1"]
[SourceVersionDate "2019.11.06"]
[SourceQuality "1"]

1. e4 g6 2. d4 Bg7 3. f4 d6 4. Nf3 a6 5. Bd3 b5 6. 0-0 Bb7 7. c3 Nd7 8. a4 c6 9. a5 c5 10. b4 Nh6 11. Kh1 0-0 12. Be3 Rc8 13. Qe1 e6 14. Ra2 c4 15. Bc2 Ng4 16. Bg1 Ngf6 17. h3 Re8 18. Bh2 Nf8 19. Nbd2 Qe7 20. g4 N6d7 21. Qg3 d5 22. e5 f6 23. Rg1 fxe5 24. fxe5 Nb8 25. h4 Rc7 26. Ng5 h6 27. Nh3 Qd8 28. Nf3 Rf7 29. Nf4 g5 30. Ng6 Nc6 31. hxg5 hxg5 32. Bb1 Ne7 33. Nxg5 Nexg6 34. Nxf7 Kxf7 35. Rf2+ Ke7 36. Rgf1 Kd7 37. Rf7+ Re7 38. Qf2 Kc8 39. Bg3 Bc6 40. Rxe7 Qxe7 41. Qf7 Be8 42. Qxe7 Nxe7 43. Bh4 Kd7 44. Bf6 Bxf6 45. exf6 Bg6 46. fxe7 Kxe7 47. Bxg6 Nxg6 48. Kg2 e5 49. dxe5 Nxe5 50. g5 Ng4 51. Kg3 Ne5 52. Kh4 Nd3 53. g6 1-0

[Event "Madrid Chamartin op 8th"]
[Site "Madrid"]
[Date "2019.09.10"]
[Round "3"]
[White "Martinez Fernandez, Raul"]
[Black "Fernandez Aransay, Fernando"]
[Result "1-0"]
[WhiteElo "2172"]
[BlackElo "1786"]
[PlyCount "109"]
[EventDate "2019.09.09"]
[EventType "swiss"]
[EventRounds "9"]
[EventCountry "ESP"]
[SourceTitle "CBM 192 Extra"]
[Source "Chessbase"]
[SourceDate "2019.11.06"]
[SourceVersion "1"]
[SourceVersionDate "2019.11.06"]
[SourceQuality "1"]

1. e4 c5 2. Nf3 d6 3. Bb5+ Nc6 4. 0-0 Bd7 5. Re1 g6 6. c3 Bg7 7. d4 a6 8. Bxc6 Bxc6 9. a4 Nf6 10. d5 Bd7 11. a5 0-0 12. Nbd2 Bg4 13. h3 Bxf3 14. Qxf3 Nd7 15. Qe2 b5 16. axb6 Qxb6 17. Nc4 Qb5 18. Ra5 Qb7 19. Bf4 Nb6 20. Nxb6 Qxb6 21. Rea1 Rfb8 22. Bc1 h6 23. g3 Kh7 24. Kg2 e6 25. Rxa6 Rxa6 26. Qxa6 Qc7 27. Qc6 Qe7 28. Ra6 exd5 29. Qxd5 Bf8 30. Bf4 Rxb2 31. Rxd6 Rb7 32. Be5 Ra7 33. c4 Qg5 34. Rd8 Bg7 35. Bxg7 Kxg7 36. Qxg5 hxg5 37. Rd5 Re7 38. Rxg5 Rxe4 39. Rxc5 Re2 40. Kf3 Rc2 41. h4 Kh6 42. Ke3 Rc3+ 43. Kf4 Rc2 44. f3 Rc3 45. g4 Kg7 46. h5 gxh5 47. gxh5 Kh6 48. Kg4 f5+ 49. Kxf5 Rxf3+ 50. Ke4 Rh3 51. Rf5 Rh1 52. c5 Rd1 53. Ke5 Rd2 54. Ke6 Ra2 55. c6 1-0

[Event "Madrid-ch Previa-A"]
[Site "Madrid"]
[Date "2019.02.13"]
[Round "6"]
[White "Fernandez Aransay, Fernando"]
[Black "Boni De Aristizabal, Marco"]
[Result "1-0"]
[WhiteElo "1869"]
[BlackElo "1662"]
[PlyCount "199"]
[EventDate "2019.02.04"]
[EventType "swiss"]
[EventRounds "9"]
[EventCountry "ESP"]
[SourceTitle "EXT 2021"]
[Source "ChessBase"]
[SourceDate "2020.10.23"]
[SourceVersion "1"]
[SourceVersionDate "2020.10.23"]
[SourceQuality "1"]

1. e4 c6 2. d4 d5 3. exd5 cxd5 4. Bd3 Nc6 5. c3 Nf6 6. Bf4 e6 7. Nf3 Bd6 8. Bxd6 Qxd6 9. 0-0 0-0 10. Qe2 a6 11. Nbd2 b5 12. a3 h6 13. Ne5 Bb7 14. Rae1 Na5 15. Bb1 Nc4 16. Nb3 Rac8 17. Qc2 Rc7 18. Ng4 Re8 19. Nxf6+ gxf6 20. Qh7+ Kf8 21. Qxh6+ Ke7 22. Re2 Rcc8 23. h3 Rh8 24. Bh7 Rcg8 25. Nc5 Bc8 26. f4 Rg6 27. Qh5 Rg7 28. Qf3 Rhxh7 29. b3 Nb6 30. Nd3 Kf8 31. Nf2 Rg6 32. Rfe1 Rhg7 33. Ng4 Bd7 34. Qe3 f5 35. Ne5 Rg3 36. Qd2 Rxh3 37. Re3 Rh8 38. Rf3 Rhg8 39. Re2 Qe7 40. Rh3 Rg3 41. Rh2 Qf6 42. Qe1 R3g7 43. c4 bxc4 44. bxc4 Ke7 45. Qb4+ Ke8 46. Qxb6 Qd8 47. Qxa6 Qc7 48. Nxd7 Kxd7 49. Qb5+ Kd8 50. Rb2 Qxf4 51. Qb8+ Qxb8 52. Rxb8+ Kc7 53. Rxg8 Rxg8 54. cxd5 exd5 55. Rh7 Kd6 56. Rxf7 Ke6 57. Rb7 Rg4 58. Rb6+ Kd7 59. Rb4 Rg3 60. a4 Ra3 61. Kf2 Kc6 62. g3 Kc7 63. Rb5 Kc6 64. Rc5+ Kd6 65. a5 Rd3 66. Rc1 Rxd4 67. Ra1 Rb4 68. a6 Rb8 69. a7 Ra8 70. Ke3 Ke5 71. Ra5 Kd6 72. Kd4 Kc6 73. Rc5+ Kb6 74. Rxd5 Rxa7 75. Rxf5 Ra4+ 76. Kd5 Rg4 77. Rf3 Kb5 78. Rb3+ Ka4 79. Re3 Kb5 80. Ke5 Kc5 81. Kf5 Rg8 82. g4 Kd4 83. Re7 Kd5 84. Rd7+ Kc6 85. Rd1 Rf8+ 86. Kg5 Rg8+ 87. Kf4 Rf8+ 88. Kg3 Rg8 89. Ra1 Kd5 90. Ra5+ Ke6 91. Rf5 Rg7 92. Kf4 Rg8 93. g5 Rg7 94. Rf6+ Ke7 95. Kf5 Rf7 96. Ke5 Rxf6 97. gxf6+ Kf7 98. Kf5 Ke8 99. Kg6 Kf8 100. f7 1-0

[Event "Tres Cantos op 10th"]
[Site "Tres Cantos"]
[Date "2018.06.23"]
[Round "3.17"]
[White "Fernandez Aransay, Fernando"]
[Black "Martinez Dominguez, Juan Jose"]
[Result "1-0"]
[WhiteElo "1887"]
[BlackElo "1419"]
[PlyCount "109"]
[EventDate "2018.06.21"]
[EventType "swiss"]
[EventRounds "9"]
[EventCountry "ESP"]
[SourceTitle "EXT 2024"]
[Source "ChessBase"]
[SourceDate "2023.10.10"]
[SourceVersion "1"]
[SourceVersionDate "2023.10.10"]
[SourceQuality "1"]

1. e4 e6 2. d4 d5 3. exd5 exd5 4. Nf3 c5 5. dxc5 Bxc5 6. Bd3 Nf6 7. 0-0 0-0 8. Bg5 Nc6 9. Nc3 Be6 10. a3 h6 11. Bh4 Be7 12. Re1 a6 13. Qe2 Qd7 14. Rad1 Rad8 15. h3 Rfe8 16. Ne5 Nxe5 17. Qxe5 Qd6 18. Bg3 Rd7 19. Qe2 Qc6 20. Be5 d4 21. Ne4 Bd5 22. Bxf6 Bxe4 23. Qxe4 Qxe4 24. Rxe4 gxf6 25. Rde1 Kf8 26. b4 b5 27. Rh4 Kg7 28. Rg4+ Kh8 29. Rf4 Rg8 30. Ree4 Rgd8 31. Rf5 Rg8 32. Rh5 Bf8 33. Rhh4 Bg7 34. Rxd4 Rc7 35. Rd6 Ra7 36. Rh5 Rf8 37. Rhd5 Kg8 38. Rd7 Raa8 39. g4 Rab8 40. R5d6 Ra8 41. Be4 Rae8 42. f3 Re5 43. Rxa6 Rb8 44. Raa7 Rf8 45. Kf2 h5 46. Bg6 Bh6 47. Bxf7+ Kh8 48. Rd3 Bg5 49. f4 Bh4+ 50. Kf3 Re1 51. Bxh5 Rf1+ 52. Ke4 Re1+ 53. Kf5 Rf1 54. Rdd7 Bg5 55. Rh7+ 1-0

[Event "Tres Cantos op 10th"]
[Site "Tres Cantos"]
[Date "2018.06.21"]
[Round "1.38"]
[White "Perez de las Penas, Jorge Ivan"]
[Black "Fernandez Aransay, Fernando"]
[Result "0-1"]
[WhiteElo "1392"]
[BlackElo "1887"]
[PlyCount "94"]
[EventDate "2018.06.21"]
[EventType "swiss"]
[EventRounds "9"]
[EventCountry "ESP"]
[SourceTitle "EXT 2024"]
[Source "ChessBase"]
[SourceDate "2023.10.10"]
[SourceVersion "1"]
[SourceVersionDate "2023.10.10"]
[SourceQuality "1"]

1. d4 d5 2. Bf4 Nf6 3. e3 c5 4. c3 Nc6 5. Nf3 Qb6 6. b3 Bf5 7. Be2 h6 8. 0-0 e6 9. Nbd2 Be7 10. h3 0-0 11. Ne5 cxd4 12. exd4 Ba3 13. g4 Bh7 14. g5 hxg5 15. Bxg5 Bb2 16. Bxf6 gxf6 17. Nd7 Qd8 18. Nxf8 Kxf8 19. Nf3 Bxa1 20. Qxa1 Bf5 21. Qc1 Qd6 22. Qh6+ Ke7 23. h4 Bh3 24. Kh1 Bxf1 25. Bxf1 Rg8 26. Bd3 Qb8 27. Qe3 Kd7 28. Qh6 Rg4 29. Be2 Rg6 30. Qe3 Qh8 31. Qf4 Qh6 32. Qxh6 Rxh6 33. Kh2 e5 34. Kh3 Kd6 35. Kg4 Ne7 36. dxe5+ fxe5 37. Ng5 f5+ 38. Kh3 Rf6 39. h5 Ng8 40. Kh4 e4 41. f4 Ke7 42. b4 Rc6 43. c4 dxc4 44. Bd1 c3 45. Bb3 c2 46. Bxc2 Rxc2 47. a3 Rh2+ 0-1

[Event "Madrid-ch final"]
[Site "Madrid"]
[Date "2018.05.30"]
[Round "5"]
[White "Pindado Campos, Raul"]
[Black "Fernandez Aransay, Fernando"]
[Result "1-0"]
[WhiteElo "2018"]
[BlackElo "1871"]
[PlyCount "43"]
[EventDate "2018.05.26"]
[EventType "swiss"]
[EventRounds "7"]
[EventCountry "ESP"]
[SourceTitle "CBM 184 Extra"]
[Source "ChessBase"]
[SourceDate "2018.06.28"]
[SourceVersion "1"]
[SourceVersionDate "2018.06.28"]
[SourceQuality "1"]

1. d4 d5 2. Nf3 Nf6 3. c4 e6 4. Nc3 Be7 5. Bf4 0-0 6. e3 b6 7. Bd3 Bb7 8. cxd5 exd5 9. 0-0 Nbd7 10. h3 c5 11. Rc1 Re8 12. Nb5 Rc8 13. dxc5 Nxc5 14. Bf5 Ne6 15. Rxc8 Qxc8 16. Nc7 Ne4 17. Nxe8 Qxe8 18. Bxe6 fxe6 19. Qc2 Bc5 20. a3 a5 21. Be5 Ba6 22. Rb1 1-0

[Event "Madrid-ch final"]
[Site "Madrid"]
[Date "2018.05.28"]
[Round "3"]
[White "Nunez Munoz, Jesus"]
[Black "Fernandez Aransay, Fernando"]
[Result "1-0"]
[WhiteElo "2193"]
[BlackElo "1871"]
[PlyCount "169"]
[EventDate "2018.05.26"]
[EventType "swiss"]
[EventRounds "7"]
[EventCountry "ESP"]
[SourceTitle "CBM 184 Extra"]
[Source "ChessBase"]
[SourceDate "2018.06.28"]
[SourceVersion "1"]
[SourceVersionDate "2018.06.28"]
[SourceQuality "1"]

1. e4 c5 2. Nf3 d6 3. d4 cxd4 4. Nxd4 Nf6 5. Nc3 g6 6. g3 Bg7 7. Bg2 0-0 8. 0-0 Nbd7 9. a4 a5 10. Re1 Nc5 11. Nd5 Bd7 12. b3 Rc8 13. Bg5 Re8 14. Qd2 Ne6 15. Nxf6+ exf6 16. Be3 Qc7 17. Rac1 Ng5 18. f3 Bh6 19. h4 Nxf3+ 20. Bxf3 Bxe3+ 21. Rxe3 d5 22. Bg2 dxe4 23. c4 Rcd8 24. Qc3 f5 25. Rf1 Qc5 26. Kh2 Bc8 27. Nb5 Qe7 28. Qxa5 Rd3 29. Rfe1 Rxe3 30. Rxe3 f4 31. Rxe4 fxg3+ 32. Kh1 Qd7 33. Rxe8+ Qxe8 34. Qc3 Qe2 35. Qxg3 Bf5 36. Nd6 Bc2 37. Kh2 Qd1 38. Qf4 f5 39. Qe5 Be4 40. Qe8+ Kg7 41. Nxe4 fxe4 42. Qxe4 Qd6+ 43. Kg1 Qd1+ 44. Kf2 Qd2+ 45. Kg3 Qd6+ 46. Qf4 Qd3+ 47. Qf3 Qd6+ 48. Kh3 Qd7+ 49. Kh2 Qd6+ 50. Qg3 Qd4 51. h5 Qd1 52. hxg6 hxg6 53. Qc7+ Kh6 54. Qf4+ Kg7 55. Qe3 Qd6+ 56. Kg1 Qd1+ 57. Bf1 Qg4+ 58. Kf2 Qf5+ 59. Qf3 Qc5+ 60. Ke2 Qe5+ 61. Kd3 Qb2 62. Qxb7+ Kh6 63. Bg2 Qb1+ 64. Kc3 Qe1+ 65. Kb2 Qd2+ 66. Ka3 Qd6+ 67. Qb4 Qf4 68. Qc3 Qf8+ 69. c5 g5 70. Qh3+ Kg7 71. Qd7+ Kh8 72. Qd6 Qg7 73. Qd8+ Kh7 74. Be4+ Kh6 75. Qd6+ Kh5 76. Qh2+ Kg4 77. Qg2+ Kh4 78. Qf2+ Kh5 79. Qb2 Qf8 80. Qe5 Kh4 81. a5 g4 82. a6 Qd8 83. Ka4 Qd2 84. Kb5 Qe2+ 85. Kb6 1-0

[Event "Salou op U2300 3rd"]
[Site "Salou"]
[Date "2018.04.30"]
[Round "5"]
[White "Fernandez Aransay, Fernando"]
[Black "Caballero Ortin, Jorge"]
[Result "1-0"]
[WhiteElo "1871"]
[BlackElo "1629"]
[PlyCount "93"]
[EventDate "2018.04.28"]
[EventType "swiss"]
[EventRounds "7"]
[EventCountry "ESP"]
[SourceTitle "CBM 184 Extra"]
[Source "ChessBase"]
[SourceDate "2018.06.28"]
[SourceVersion "1"]
[SourceVersionDate "2018.06.28"]
[SourceQuality "1"]

1. e4 c5 2. Nf3 d6 3. d4 cxd4 4. Nxd4 Nf6 5. Nc3 a6 6. Bc4 e6 7. Bb3 b5 8. 0-0 Be7 9. Qf3 Ra7 10. Be3 Rb7 11. Rad1 e5 12. Nf5 0-0 13. Bg5 Bxf5 14. Bxf6 Bxf6 15. exf5 Rd7 16. Bd5 b4 17. Ne4 a5 18. Qd3 Qb6 19. Nxf6+ gxf6 20. Qg3+ Kh8 21. Qh4 Rg8 22. Qxf6+ Rg7 23. Rd3 Qd8 24. Qxd8+ Rxd8 25. f6 Rg6 26. Bxf7 Rxf6 27. Bd5 Na6 28. Rh3 Nc5 29. Rd1 Na4 30. Be4 Rf7 31. Rd5 Ra7 32. Rh6 Nc5 33. Bf5 Na4 34. b3 Nc3 35. Rdxd6 Rf8 36. Rhf6 Raf7 37. Rxf7 Rxf7 38. Be6 Ra7 39. Bc4 Nxa2 40. h4 Nc3 41. f3 e4 42. fxe4 Nxe4 43. Rd4 Nc3 44. h5 Kg7 45. Rd6 h6 46. Rg6+ Kf8 47. Rxh6 1-0

[Event "Madrid-ch Previa-A"]
[Site "Madrid"]
[Date "2018.02.13"]
[Round "5"]
[White "Fernandez Aransay, Fernando"]
[Black "Lizon Martinez, Santiago"]
[Result "1/2-1/2"]
[WhiteElo "1811"]
[BlackElo "1710"]
[PlyCount "40"]
[EventDate "2018.02.05"]
[EventType "swiss"]
[EventRounds "9"]
[EventCountry "ESP"]
[SourceTitle "EXT 2020"]
[Source "ChessBase"]
[SourceDate "2019.10.17"]
[SourceVersion "1"]
[SourceVersionDate "2019.10.17"]
[SourceQuality "1"]

1. e4 c5 2. Nf3 d6 3. d4 cxd4 4. Nxd4 Nf6 5. Nc3 a6 6. Bc4 e6 7. Bb3 Nbd7 8. 0-0 Nc5 9. Re1 Be7 10. Bg5 0-0 11. Qf3 h6 12. Bh4 Qc7 13. Rad1 b5 14. e5 Bb7 15. Qg3 dxe5 16. Rxe5 b4 17. Nce2 Rad8 18. Rg5 Qxg3 19. Rxg3 g5 20. Re1 Nh5 1/2-1/2

[Event "Madrid-ch Seniors 50"]
[Site "Madrid"]
[Date "2018.01.16"]
[Round "7"]
[White "Fernandez Aransay, Fernando"]
[Black "Martinez Carrasco, Jesus"]
[Result "0-1"]
[WhiteElo "1825"]
[BlackElo "1568"]
[PlyCount "54"]
[EventDate "2018.01.08"]
[EventType "swiss"]
[EventRounds "9"]
[EventCountry "ESP"]
[SourceTitle "CBM 182 Extra"]
[Source "ChessBase"]
[SourceDate "2018.02.23"]
[SourceVersion "1"]
[SourceVersionDate "2018.02.23"]
[SourceQuality "1"]

1. e4 c5 2. Nf3 d6 3. d4 cxd4 4. Nxd4 Nf6 5. Nc3 a6 6. Bc4 Nc6 7. Bb3 e6 8. Be3 Qc7 9. f4 b5 10. 0-0 b4 11. e5 dxe5 12. fxe5 Nxe5 13. Na4 Bd6 14. Rxf6 gxf6 15. Qh5 Bd7 16. Re1 Ke7 17. Nb6 Rag8 18. Nf5+ Kd8 19. Nxd6 Qxd6 20. Rd1 Qc6 21. Qe2 Qb5 22. Rxd7+ Nxd7 23. Bc4 Qc6 24. Qd2 Kc7 25. Nxd7 Rd8 26. Qxb4 Kxd7 27. Bxa6 Qxa6 0-1

[Event "Madrid-ch Seniors 50"]
[Site "Madrid"]
[Date "2018.01.15"]
[Round "6"]
[White "Fernandez Aransay, Fernando"]
[Black "De la Orden Alcocer, Alejandro"]
[Result "0-1"]
[WhiteElo "1825"]
[BlackElo "2042"]
[PlyCount "70"]
[EventDate "2018.01.08"]
[EventType "swiss"]
[EventRounds "9"]
[EventCountry "ESP"]
[SourceTitle "CBM 182 Extra"]
[Source "ChessBase"]
[SourceDate "2018.02.23"]
[SourceVersion "1"]
[SourceVersionDate "2018.02.23"]
[SourceQuality "1"]

1. e4 c5 2. Nf3 d6 3. d4 cxd4 4. Nxd4 Nf6 5. Nc3 g6 6. Bc4 a6 7. Bb3 Nbd7 8. 0-0 Bg7 9. Re1 0-0 10. Be3 Nc5 11. Bg5 Nxb3 12. axb3 h6 13. Be3 Bd7 14. h3 b5 15. b4 Qc8 16. Nd5 Nxd5 17. exd5 Qc4 18. Qd2 Qxd5 19. Rad1 Qh5 20. c3 Rfe8 21. Ne2 Bc6 22. Ng3 Qh4 23. Bf4 Kh7 24. Ne4 Bxe4 25. Bg3 Qg5 26. Qxg5 hxg5 27. Rxe4 f5 28. Re2 f4 29. Bh2 Be5 30. f3 a5 31. bxa5 Rxa5 32. Rd5 Rb8 33. Kf1 Ra1+ 34. Re1 Rxe1+ 35. Kxe1 b4 0-1

[Event "London Classic op"]
[Site "London"]
[Date "2017.12.08"]
[Round "8"]
[White "De Abreu, Roberto N"]
[Black "Fernandez Aransay, Fernando"]
[Result "1-0"]
[WhiteElo "2110"]
[BlackElo "1838"]
[PlyCount "41"]
[EventDate "2017.12.02"]
[EventType "swiss"]
[EventRounds "9"]
[EventCountry "ENG"]
[SourceTitle "CBM 182 Extra"]
[Source "ChessBase"]
[SourceDate "2018.02.23"]
[SourceVersion "1"]
[SourceVersionDate "2018.02.23"]
[SourceQuality "1"]

1. d4 d5 2. c4 e6 3. Nf3 Nf6 4. g3 Be7 5. Bg2 0-0 6. 0-0 b6 7. cxd5 exd5 8. Ne5 Bb7 9. Nc3 Nbd7 10. Qa4 Nxe5 11. dxe5 Ne4 12. Nxe4 dxe4 13. Bxe4 Bxe4 14. Qxe4 Qe8 15. Bf4 Bc5 16. Rac1 Qb5 17. b4 Qxb4 18. Qxb4 Bxb4 19. Rxc7 Bc5 20. Rd1 h6 21. Rdd7 1-0

[Event "London Classic op"]
[Site "London"]
[Date "2017.12.06"]
[Round "6"]
[White "Iyengar, Ilya"]
[Black "Fernandez Aransay, Fernando"]
[Result "1-0"]
[WhiteElo "2044"]
[BlackElo "1838"]
[PlyCount "55"]
[EventDate "2017.12.02"]
[EventType "swiss"]
[EventRounds "9"]
[EventCountry "ENG"]
[SourceTitle "CBM 182 Extra"]
[Source "ChessBase"]
[SourceDate "2018.02.23"]
[SourceVersion "1"]
[SourceVersionDate "2018.02.23"]
[SourceQuality "1"]

1. d4 d5 2. c4 e6 3. Nc3 Nf6 4. cxd5 exd5 5. Bg5 Be7 6. Qc2 h6 7. Bh4 0-0 8. e3 b6 9. Nf3 Bb7 10. Be2 Nbd7 11. 0-0 c5 12. Rfd1 Rc8 13. dxc5 bxc5 14. Rac1 Qb6 15. b3 Rfd8 16. Na4 Qe6 17. Qb2 Nb6 18. Nc3 Ne4 19. Bxe7 Qxe7 20. Nxe4 Qxe4 21. Qa3 d4 22. Qxa7 Nd7 23. Ba6 Bxa6 24. Qxa6 Ra8 25. Qc4 Rxa2 26. exd4 Rda8 27. Re1 Qf5 28. dxc5 1-0

[Event "London Classic op"]
[Site "London"]
[Date "2017.12.05"]
[Round "5"]
[White "Fernandez Aransay, Fernando"]
[Black "Munshi, Aditya"]
[Result "1/2-1/2"]
[WhiteElo "1838"]
[BlackElo "2001"]
[PlyCount "86"]
[EventDate "2017.12.02"]
[EventType "swiss"]
[EventRounds "9"]
[EventCountry "ENG"]
[SourceTitle "CBM 182 Extra"]
[Source "ChessBase"]
[SourceDate "2018.02.23"]
[SourceVersion "1"]
[SourceVersionDate "2018.02.23"]
[SourceQuality "1"]

1. e4 c5 2. Nf3 d6 3. d4 cxd4 4. Nxd4 Nf6 5. Nc3 a6 6. Bc4 e6 7. Bb3 b5 8. f3 Be7 9. Be3 Qc7 10. Qd2 0-0 11. 0-0-0 Nbd7 12. g4 Nc5 13. h4 Nfd7 14. g5 b4 15. Na4 Nxa4 16. Bxa4 Nc5 17. Bb3 a5 18. Nb5 Nxb3+ 19. axb3 Qb8 20. Nxd6 a4 21. Nc4 axb3 22. cxb3 Ra6 23. Bf4 Qa8 24. Bd6 Bxd6 25. Nxd6 Qb8 26. e5 Bb7 27. Qf4 Qc7+ 28. Kd2 Bd5 29. Rc1 Qa7 30. Qe3 Qa8 31. Rhf1 Ra5 32. Ke2 Qa6+ 33. Kf2 Ra2 34. Rc2 Ra1 35. Rxa1 Qxa1 36. Qe1 Qa7+ 37. Qe3 Qa2 38. Qf4 Qxb3 39. Rc7 Qxb2+ 40. Kg3 Qb1 41. Rxf7 Qg1+ 42. Kh3 Qh1+ 43. Kg3 Qg1+ 1/2-1/2

[Event "London Classic op"]
[Site "London"]
[Date "2017.12.04"]
[Round "4"]
[White "Volovich, Julia"]
[Black "Fernandez Aransay, Fernando"]
[Result "0-1"]
[WhiteElo "1546"]
[BlackElo "1838"]
[PlyCount "80"]
[EventDate "2017.12.02"]
[EventType "swiss"]
[EventRounds "9"]
[EventCountry "ENG"]
[SourceTitle "CBM 182 Extra"]
[Source "ChessBase"]
[SourceDate "2018.02.23"]
[SourceVersion "1"]
[SourceVersionDate "2018.02.23"]
[SourceQuality "1"]

1. d4 d5 2. c4 e6 3. Nc3 Nf6 4. Bg5 Be7 5. e3 0-0 6. Nf3 h6 7. Bh4 Nbd7 8. Rc1 b6 9. cxd5 exd5 10. Nb5 c5 11. dxc5 bxc5 12. Bg3 Qa5+ 13. Nd2 c4 14. Nc7 Rb8 15. Nxd5 Qxd5 16. Bxb8 Nxb8 17. Rxc4 Ba6 18. Rd4 Qxa2 19. Ra4 Qe6 20. Bxa6 Nxa6 21. Qa1 Nb4 22. 0-0 Bc5 23. Rc1 Nd3 24. Rc3 Qf5 25. Nf3 Bb6 26. Qb1 Qb5 27. Raa3 Nc5 28. Nd4 Qd7 29. Qc1 Nce4 30. Rc4 Rd8 31. Ra1 Qd5 32. Nc6 Rd7 33. Nd4 Ng4 34. Rc8+ Kh7 35. Qc2 Ngxf2 36. Rf1 Bxd4 37. exd4 Qxd4 38. Rc4 Nh3+ 39. Kh1 Qg1+ 40. Rxg1 Nhf2+ 0-1

[Event "Madrid Chamartin op 6th"]
[Site "Madrid"]
[Date "2017.09.04"]
[Round "1"]
[White "Fernandez Aransay, Fernando"]
[Black "Gijon Molina, Carlos"]
[Result "1-0"]
[WhiteElo "1844"]
[BlackElo "1189"]
[PlyCount "81"]
[EventDate "2017.09.04"]
[EventType "swiss"]
[EventRounds "9"]
[EventCountry "ESP"]
[SourceTitle "CBM 180 Extra"]
[Source "ChessBase"]
[SourceDate "2017.10.06"]
[SourceVersion "1"]
[SourceVersionDate "2017.10.06"]
[SourceQuality "1"]

1. e4 c6 2. d4 d5 3. exd5 cxd5 4. Bd3 Nc6 5. c3 Nf6 6. Bf4 e6 7. Nf3 Be7 8. Nbd2 b6 9. 0-0 Bb7 10. Qe2 0-0 11. Rae1 Re8 12. Ne5 Bd6 13. Bg3 Qc7 14. f4 Rac8 15. Qf3 a6 16. Bh4 Be7 17. f5 Nxe5 18. dxe5 d4 19. Qg3 Nh5 20. Qg4 Bxh4 21. Qxh4 g6 22. fxg6 hxg6 23. cxd4 Bd5 24. Nf3 Bxf3 25. Rxf3 b5 26. Ref1 Re7 27. g4 Qb6 28. gxh5 Rd7 29. hxg6 Qxd4+ 30. Qxd4 Rxd4 31. gxf7+ Kf8 32. Rg3 Rcd8 33. Rg8+ Ke7 34. f8Q+ Rxf8 35. Rgxf8 Rg4+ 36. Kh1 Rg7 37. Bg6 b4 38. R1f7+ Rxf7 39. Rxf7+ Kd8 40. h4 a5 41. h5 1-0

[Event "Collado Villalba op-A 34th"]
[Site "Collado Villalba"]
[Date "2017.08.25"]
[Round "4"]
[White "Fernandez Aransay, Fernando"]
[Black "Villacorta Nicolas, David"]
[Result "0-1"]
[WhiteElo "1844"]
[BlackElo "2048"]
[PlyCount "82"]
[EventDate "2017.08.22"]
[EventType "swiss"]
[EventRounds "9"]
[EventCountry "ESP"]
[SourceTitle "CBM 180 Extra"]
[Source "ChessBase"]
[SourceDate "2017.10.06"]
[SourceVersion "1"]
[SourceVersionDate "2017.10.06"]
[SourceQuality "1"]

1. e4 e5 2. Nf3 Nc6 3. d4 exd4 4. Nxd4 Bc5 5. Nxc6 Qf6 6. Qe2 dxc6 7. Nc3 Be6 8. Na4 Be7 9. Qe3 Qe5 10. Bd3 Qa5+ 11. Nc3 0-0-0 12. Bd2 Nf6 13. Nb5 Qb6 14. Qxb6 axb6 15. Nc3 Ng4 16. Be2 Nxf2 17. Rf1 Bc5 18. Bc1 Ng4 19. Bxg4 Bxg4 20. Rxf7 Rhf8 21. Rxf8 Rxf8 22. Nd1 Bxd1 23. Kxd1 Rf1+ 24. Kd2 Rg1 25. Kd3 Be7 26. c3 Bg5 27. Kc2 Rxg2+ 28. Kb3 Rg1 29. Kc2 Kd7 30. Rb1 Bxc1 31. Rxc1 Rxc1+ 32. Kxc1 Ke6 33. Kd2 Ke5 34. Ke3 g5 35. Kf3 h5 36. h3 g4+ 37. hxg4 hxg4+ 38. Kxg4 Kxe4 39. b3 Kd3 40. c4 Kc3 41. Kf5 Kb2 0-1

[Event "Collado Villalba op-A 34th"]
[Site "Collado Villalba"]
[Date "2017.08.24"]
[Round "3"]
[White "Esquivias Gomez, Francisco Javier"]
[Black "Fernandez Aransay, Fernando"]
[Result "0-1"]
[WhiteElo "2015"]
[BlackElo "1844"]
[PlyCount "114"]
[EventDate "2017.08.22"]
[EventType "swiss"]
[EventRounds "9"]
[EventCountry "ESP"]
[SourceTitle "CBM 180 Extra"]
[Source "ChessBase"]
[SourceDate "2017.10.06"]
[SourceVersion "1"]
[SourceVersionDate "2017.10.06"]
[SourceQuality "1"]

1. Nf3 d5 2. d4 Nf6 3. c4 e6 4. Nc3 Be7 5. cxd5 exd5 6. Bg5 Nbd7 7. e3 0-0 8. Bd3 b6 9. Qc2 Bb7 10. 0-0 h6 11. Bxf6 Nxf6 12. Ne5 c5 13. Bf5 a6 14. a4 Bd6 15. Nf3 Qc7 16. g3 Bc8 17. Bxc8 Raxc8 18. Qe2 Qb7 19. dxc5 bxc5 20. a5 Rfe8 21. Qd1 Qxb2 22. Nxd5 Nxd5 23. Qxd5 Red8 24. Qc4 Qb7 25. Nh4 Qb5 26. Qg4 Be5 27. Rad1 Qxa5 28. Nf5 Kf8 29. f4 Qa4 30. h3 Bf6 31. Nd6 Rc6 32. Nb7 Rxd1 33. Rxd1 Qb3 34. Qd7 Qxe3+ 35. Kh2 Qe2+ 36. Kh1 Qe6 37. Qxe6 fxe6 38. Na5 Rb6 39. Rc1 Bd4 40. Nc4 Rb4 41. Kg2 Rb3 42. Nd6 a5 43. Ne4 Rb5 44. Rc4 Rb4 45. Rc2 Rb2 46. Rxb2 Bxb2 47. Nxc5 Ke7 48. Kf3 Bc3 49. Na4 Be1 50. g4 Kd6 51. Ke4 Bd2 52. f5 exf5+ 53. Kxf5 Bg5 54. Kg6 Bf6 55. h4 Kc6 56. g5 hxg5 57. hxg5 Bd4 0-1